[Event "Tournament 14459 - Europe Echecs"]
[Site "Europe Echecs"]
[Date "2020.07.07"]
[Round "8"]
[Time "17:52:32"]
[PlyCount "67"]
[White "MigusEthan"]
[Black "SayahHobonNoah"]
[WhiteElo "1084"]
[BlackElo "1364"]
[Mode "WEB"]
[Result "0-1"]

1. e4 e5 2. Nf3 Nc6 3. Bc4 Nd4 4. Nxd4 exd4 5. d3 c6 6. Nd2 a5 7. O-O b5 8.
Bxf7+ Kxf7 9. Qf3+ Qf6 10. Qg3 Bd6 11. Qg4 Be5 12. f4 Bc7 13. e5 Qg6 14. Qf3 d5
15. Re1 Qg4 16. Qf2 Ne7 17. Qxd4 Rb8 18. Nf3 Bb6 19. h3 Bxd4+ 20. Nxd4 Qg3 21.
Nf3 Bxh3 22. Re2 Bg4 23. Ng5+ Kg6 24. Re3 Qh4 25. g3 Qh5 26. b3 Nf5 27. Re1 Nxg3
28. Bb2 h6 29. Kg2 hxg5 30. Kxg3 Qh2+ 31. Kxg4 Rh4+ 32. Kf3 Rxf4+ 33. Ke3 Qf2# {MigusEthan est échec et mat} 0-1

[Event "Tournament 14459 - Europe Echecs"]
[Site "Europe Echecs"]
[Date "2020.07.07"]
[Round "8"]
[Time "17:52:32"]
[PlyCount "59"]
[White "FischlerInes"]
[Black "BronnyGermain"]
[WhiteElo "1129"]
[BlackElo "1354"]
[Mode "WEB"]
[Result "0-1"]

1. e4 c5 2. Nf3 Nc6 3. Bb5 g6 4. Nc3 Bg7 5. d3 d6 6. O-O Nf6 7. h3 O-O 8. Bg5 e6
9. Bxc6 bxc6 10. e5 dxe5 11. Nxe5 Qc7 12. Nc4 Nd5 13. Qd2 Nxc3 14. bxc3 Ba6 15.
Nb2 Rab8 16. Nd1 c4 17. Bf4 Qd7 18. Bxb8 Rxb8 19. d4 c5 20. Re1 cxd4 21. cxd4
Rd8 22. c3 e5 23. Re2 exd4 24. cxd4 Bxd4 25. Qc2 Bxa1 26. Qc1 Qxd1+ 27. Qxd1
Rxd1+ 28. Kh2 c3 29. Rc2 Bd3 {FischlerInes a abandonné} 0-1

[Event "Tournament 14459 - Europe Echecs"]
[Site "Europe Echecs"]
[Date "2020.07.07"]
[Round "8"]
[Time "17:52:32"]
[PlyCount "75"]
[White "LuxOceane"]
[Black "HammRodrigue"]
[WhiteElo "1273"]
[BlackElo "1109"]
[Mode "WEB"]
[Result "0-1"]

1. e4 c5 2. c3 Nc6 3. Nf3 d6 4. d4 cxd4 5. cxd4 e6 6. Be2 Nf6 7. Nc3 Be7 8. O-O
Bd7 9. Bg5 O-O 10. h3 h6 11. Be3 Rc8 12. Rc1 e5 13. dxe5 Nxe5 14. Nxe5 dxe5 15.
Qd2 Bc6 16. Qxd8 Rfxd8 17. Rfd1 Nxe4 18. Nxe4 Bxe4 19. f3 Bg6 20. Rxd8+ Rxd8 21.
Rc7 Bf6 22. Rxb7 e4 23. fxe4 Bxe4 24. Bxa7 Bxb7 25. Bb6 Rd2 26. Bc4 Rxg2+ 27.
Kf1 Rxb2 28. Bf2 Rb1+ 29. Ke2 Rb2+ 30. Kf1 Bf3 31. Bc5 Rc2 32. Ba6 Rxc5 33. Kf2
Rf5 34. Bd3 Bh4+ 35. Kg1 Rd5 36. Bc4 Rd1+ 37. Kh2 Rh1# {LuxOceane est échec et mat} 0-1

[Event "Tournament 14459 - Europe Echecs"]
[Site "Europe Echecs"]
[Date "2020.07.07"]
[Round "8"]
[Time "17:52:32"]
[PlyCount "97"]
[White "BennaniJoachim"]
[Black "DemangeTheopha"]
[WhiteElo "1226"]
[BlackElo "799"]
[Mode "WEB"]
[Result "0-1"]

1. e4 e5 2. Nf3 Nc6 3. Bc4 Bc5 4. d3 Nf6 5. Nc3 O-O 6. O-O d6 7. Bg5 h6 8. Bxf6
Qxf6 9. Nd5 Qd8 10. h3 Be6 11. Qd2 Bxd5 12. Bxd5 Bd4 13. Nxd4 exd4 14. Rad1 Qg5
15. Qxg5 hxg5 16. Rfe1 Rfe8 17. b3 Kf8 18. f3 Rab8 19. Kf2 Nb4 20. e5 Nxd5 21.
c4 dxc3 22. Rc1 Rxe5 23. Rxe5 dxe5 24. Kg3 f6 25. Kg4 Ne3+ 26. Kg3 Nd5 27. Kg4
b5 28. Kf5 b4 29. Ke6 Ne3 30. g4 Ng2 31. Kd7 Rb7 32. Kc6 Rb8 33. Kxc7 Re8 34.
Kb7 Nh4 35. Kxa7 Nxf3 36. Kb6 e4 37. dxe4 Rxe4 38. Kc5 Nd4 39. Kd5 Rf4 40. Rd1
c2 41. Rc1 Ke7 42. Kc5 Ne6+ 43. Kd5 Rf2 44. Kc4 Nf4 45. Kxb4 Nd3+ 46. Kc3 Nxc1
47. a4 Na2+ 48. Kb2 c1=Q# {BennaniJoachim est échec et mat} 0-1

[Event "Tournament 14459 - Europe Echecs"]
[Site "Europe Echecs"]
[Date "2020.07.07"]
[Round "8"]
[Time "17:52:32"]
[PlyCount "43"]
[White "BaderThomas"]
[Black "AuribaultLouis"]
[WhiteElo "1072"]
[BlackElo "1618"]
[Mode "WEB"]
[Result "0-1"]

1. e4 e5 2. Bc4 Nf6 3. d3 c6 4. Nf3 d5 5. exd5 cxd5 6. Bb5+ Bd7 7. Bxd7+ Nbxd7
8. O-O h6 9. c3 Bd6 10. d4 e4 11. Nfd2 O-O 12. f3 Re8 13. fxe4 dxe4 14. Nb3 Qc7
15. g3 e3 16. Re1 Bxg3 17. hxg3 Qxg3+ 18. Kh1 Ng4 19. Re2 Nf2+ 20. Rxf2 exf2 21.
Bd2 Qh3# {BaderThomas est échec et mat} 0-1

[Event "Tournament 14459 - Europe Echecs"]
[Site "Europe Echecs"]
[Date "2020.07.07"]
[Round "8"]
[Time "17:52:32"]
[PlyCount "52"]
[White "AymericElijah"]
[Black "DevezeLeopold"]
[WhiteElo "1450"]
[BlackElo "1180"]
[Mode "WEB"]
[Result "1-0"]

1. e4 e5 2. Nf3 Nc6 3. Nc3 Nf6 4. Bc4 h6 5. O-O Bc5 6. h3 d6 7. d3 O-O 8. Re1
Be6 9. a3 Qe7 10. Nd5 Nd4 11. Nxe7+ Kh8 12. Nxd4 Bxd4 13. Bxe6 fxe6 14. Ng6+ Kg8
15. Nxf8 Rxf8 16. Bd2 Bxb2 17. Rb1 Bd4 18. Rxb7 c5 19. Rxa7 Rb8 20. c3 Bxc3 21.
Bxc3 Rb3 22. Qxb3 Ng4 23. Qb8+ Kh7 24. hxg4 d5 25. Qc7 dxe4 26. Qxg7# {DevezeLeopold est échec et mat} 1-0

[Event "Tournament 14459 - Europe Echecs"]
[Site "Europe Echecs"]
[Date "2020.07.07"]
[Round "8"]
[Time "17:52:32"]
[PlyCount "132"]
[White "QuenehenNassim"]
[Black "NeyAlexandreYl"]
[WhiteElo "1322"]
[BlackElo "1115"]
[Mode "WEB"]
[Result "1-0"]

1. Nf3 d5 2. d4 Nf6 3. c4 c6 4. Nc3 e6 5. e3 Bb4 6. Bd3 Bxc3+ 7. bxc3 Nbd7 8.
O-O b6 9. Re1 O-O 10. e4 a6 11. e5 Ne8 12. Bxh7+ Kxh7 13. Ng5+ Kg8 14. Qh5 Qxg5
15. Bxg5 f6 16. exf6 Nexf6 17. Bxf6 Nxf6 18. Qg6 dxc4 19. Rab1 b5 20. h4 Bd7 21.
g4 Be8 22. Qg5 Nh7 23. Qe5 Bg6 24. Qxe6+ Bf7 25. Qxc6 Be8 26. Qe6+ Bf7 27. Qc6
Rae8 28. Rxe8 Rxe8 29. Qxa6 Re4 30. Qxb5 Bg6 31. Qb8+ Nf8 32. Qb5 Rxg4+ 33. Kh2
Bxb1 34. Qxb1 Rxh4+ 35. Kg3 Rh6 36. Qb4 Ne6 37. Qxc4 Rg6+ 38. Kf3 Kf7 39. Ke3
Kf6 40. f4 Rg3+ 41. Ke4 Rg4 42. Qf1 g5 43. Kd5 gxf4 44. Qf3 Rg5+ 45. Kd6 Rf5 46.
d5 Ng5 47. Qd1 Ne4+ 48. Kc7 Nxc3 49. Qd4+ Re5 50. Qxc3 Kf5 51. d6 f3 52. Qxf3+
Ke6 53. Qg4+ Kd5 54. Qf3+ Ke6 55. Qf8 Rd5 56. Qe7+ Kf5 57. Qf7+ Ke4 58. Qxd5+
Kxd5 59. d7 Kc4 60. d8=Q Kc3 61. Kc6 Kb2 62. Kc5 Kxa2 63. Qb8 Ka3 64. Kc4 Ka2
65. Kc3 Ka1 66. Qb2# {NeyAlexandreYl est échec et mat} 1-0

[Event "Tournament 14459 - Europe Echecs"]
[Site "Europe Echecs"]
[Date "2020.07.07"]
[Round "8"]
[Time "17:52:32"]
[PlyCount "80"]
[White "ZylbersztejnDo"]
[Black "ThibousMael"]
[WhiteElo "1316"]
[BlackElo "1094"]
[Mode "WEB"]
[Result "1-0"]

1. e4 e5 2. Nf3 Nf6 3. Nxe5 d6 4. Nf3 Nxe4 5. Qe2 Qe7 6. d3 Nf6 7. Nc3 Nc6 8.
Bg5 Qxe2+ 9. Bxe2 Be7 10. O-O O-O 11. Rfe1 Re8 12. h3 d5 13. d4 Be6 14. Rad1 Nb4
15. Rc1 Ne4 16. Bxe7 Rxe7 17. a3 a5 18. axb4 axb4 19. Nxe4 dxe4 20. Nd2 Bf5 21.
Bc4 Rae8 22. Nb3 e3 23. fxe3 Rxe3 24. Rxe3 Rxe3 25. Rf1 Bg6 26. Nc5 b6 27. Nd3
Bxd3 28. Bxd3 b3 29. Kh2 f6 30. Bc4+ Kf8 31. Bxb3 c5 32. dxc5 bxc5 33. Rd1 Re4
34. Rd8+ Ke7 35. Rg8 c4 36. Ba2 Kf7 37. Rc8 Re2 38. Bxc4+ Re6 39. Rc7+ Kg6 40.
Bxe6 {ThibousMael a abandonné} 1-0

[Event "Tournament 14459 - Europe Echecs"]
[Site "Europe Echecs"]
[Date "2020.07.07"]
[Round "8"]
[Time "17:52:32"]
[PlyCount "57"]
[White "DabremontGuill"]
[Black "PerrinCyril"]
[WhiteElo "1311"]
[BlackElo "1084"]
[Mode "WEB"]
[Result "0-1"]

1. e4 e5 2. Nf3 Nc6 3. Nc3 Nf6 4. Bc4 Bc5 5. Ng5 O-O 6. O-O d6 7. d3 h6 8. Nf3
Bg4 9. h3 Bh5 10. Nd5 Nd4 11. Nxf6+ Qxf6 12. Be3 Nxf3+ 13. Qxf3 Bxf3 14. gxf3
Qxf3 15. Bxh6 Qg3+ 16. Kh1 Qxh3+ 17. Kg1 Qxh6 18. d4 Bxd4 19. Bd5 c6 20. Bb3 a5
21. Rad1 a4 22. Bc4 b5 23. Bd3 f6 24. Be2 Kf7 25. Rd3 Qg5+ 26. Rg3 Qxg3+ 27. Kh1
Rh8+ 28. Bh5+ Rxh5# {DabremontGuill est échec et mat} 0-1

[Event "Tournament 14459 - Europe Echecs"]
[Site "Europe Echecs"]
[Date "2020.07.07"]
[Round "8"]
[Time "17:52:32"]
[PlyCount "75"]
[White "RobertPaul"]
[Black "BernardInes"]
[WhiteElo "1070"]
[BlackElo "1250"]
[Mode "WEB"]
[Result "0-1"]

1. e4 e5 2. Nf3 Nc6 3. Bc4 Bc5 4. c3 Nf6 5. d4 exd4 6. cxd4 Bb6 7. Nc3 O-O 8.
O-O Re8 9. Re1 Na5 10. Bd3 d5 11. b4 Nc6 12. exd5 Rxe1+ 13. Qxe1 Ne7 14. Bc4 Bg4
15. Ne5 Nexd5 16. Nxg4 Nxg4 17. Nxd5 Bxd4 18. Be3 Qd6 19. g3 Re8 20. Qd2 Bxe3
21. Nxe3 Qxd2 22. Nxg4 Qd4 23. Bxf7+ Kxf7 24. Rc1 Qxg4 25. Rxc7+ Re7 26. Rxe7+
Kxe7 27. Kg2 Qxb4 28. a3 Qxa3 29. Kg1 b5 30. Kg2 b4 31. g4 b3 32. Kg1 b2 33. Kg2
b1=Q 34. h3 Qe4+ 35. Kh2 Qef3 36. h4 Qh3+ 37. Kg1 Qa1# {RobertPaul est échec et mat} 0-1

[Event "Tournament 14459 - Europe Echecs"]
[Site "Europe Echecs"]
[Date "2020.07.07"]
[Round "8"]
[Time "17:52:32"]
[PlyCount "130"]
[White "RodriguezAugus"]
[Black "ManvieuPaul"]
[WhiteElo "1229"]
[BlackElo "1018"]
[Mode "WEB"]
[Result "1-0"]

1. e4 e6 2. d4 d5 3. e5 c5 4. c3 Qb6 5. Nf3 Nc6 6. a3 Nh6 7. b4 cxd4 8. cxd4 Nf5
9. Be3 Nxe3 10. fxe3 a5 11. bxa5 Qxa5+ 12. Qd2 Qb6 13. Bd3 Bb4 14. Nc3 Qa5 15.
Rc1 Qxa3 16. O-O Bxc3 17. Rxc3 Qa5 18. Rfc1 O-O 19. Qc2 Qa4 20. Bxh7+ Kh8 21.
Bd3 Qxc2 22. R3xc2 Nb4 23. Rc3 Nxd3 24. Rxd3 Bd7 25. Rb3 Bc6 26. Rf1 Ra2 27. Ng5
Kg8 28. Rbb1 f6 29. Nf3 Rfa8 30. exf6 gxf6 31. Nh4 Kf7 32. Rf3 Re2 33. Rbf1 f5
34. g4 Ke7 35. gxf5 Raa2 36. fxe6 Rxh2 37. Rf7+ Kd8 38. e7+ Ke8 39. Rg7 Rag2+
40. Rxg2 Rxh4 41. Rg8+ Kxe7 42. Rf4 Rh3 43. Kf2 Rh2+ 44. Kg3 Re2 45. Kf3 Rh2 46.
Rg2 Rh3+ 47. Rg3 Rh1 48. Kg2 Ra1 49. Rf1 Ra2+ 50. Kf3 Ra8 51. Rh1 Rf8+ 52. Ke2
Ra8 53. Rh7+ Kd8 54. Rg8+ Be8 55. Rhh8 Ra2+ 56. Kf3 Kd7 57. Rxe8 Ra1 58. Re5
Rf1+ 59. Ke2 Ra1 60. Rxd5+ Kc6 61. Rc5+ Kd7 62. Rh7+ Kd8 63. Rg5 Ra2+ 64. Kf3
Rf2+ 65. Kxf2 {ManvieuPaul a abandonné} 1-0

[Event "Tournament 14459 - Europe Echecs"]
[Site "Europe Echecs"]
[Date "2020.07.07"]
[Round "8"]
[Time "17:52:32"]
[PlyCount "144"]
[White "MarzolfSamuel"]
[Black "BernardiNicola"]
[WhiteElo "1220"]
[BlackElo "799"]
[Mode "WEB"]
[Result "1-0"]

1. e4 e5 2. Nf3 Nc6 3. d4 exd4 4. Nxd4 Nxd4 5. Qxd4 Nf6 6. e5 Qe7 7. Be2 Ng8 8.
Nc3 Qc5 9. Be3 Qxd4 10. Bxd4 Be7 11. O-O f6 12. Rfe1 fxe5 13. Bxe5 Nf6 14. Bxc7
O-O 15. Bc4+ Kh8 16. Rxe7 b6 17. Ree1 Bb7 18. Bd6 Rfc8 19. Bb3 Rc6 20. Bg3 Rcc8
21. Rac1 Nh5 22. Bd5 Bxd5 23. Nxd5 Nxg3 24. hxg3 h6 25. Ne7 Rd8 26. Rcd1 g5 27.
Ng6+ Kh7 28. Ne5 d6 29. Nf7 Rd7 30. Nxd6 Rad8 31. Re6 Kg7 32. Kf1 Kf8 33. Ke2
Re7 34. Rxe7 Kxe7 35. Nf5+ Ke8 36. Rxd8+ Kxd8 37. Nxh6 Kc7 38. Kf3 Kc6 39. Kg4
Kc5 40. Kxg5 Kd4 41. f4 Ke3 42. f5 Kd2 43. f6 Kxc2 44. b3 Kb2 45. f7 Kxa2 46.
f8=Q a5 47. Qd6 b5 48. Qb6 b4 49. Qxa5+ Kxb3 50. Qb5 Ka3 51. Kf5 b3 52. g4 Ka2
53. g5 b2 54. g6 b1=Q+ 55. Qxb1+ Kxb1 56. g7 Kc2 57. g8=Q Kd3 58. Qe8 Kd4 59.
Qe6 Kd3 60. Qe5 Kd2 61. g4 Kd3 62. g5 Kd2 63. g6 Kd3 64. g7 Kd2 65. g8=R Kd3 66.
Rd8+ Kc4 67. Rg8 Kd3 68. Re8 Kc4 69. Rd8 Kb4 70. Qc7 Kb5 71. Rb8+ Ka6 72. Qb6# {BernardiNicola est échec et mat} 1-0

[Event "Tournament 14459 - Europe Echecs"]
[Site "Europe Echecs"]
[Date "2020.07.07"]
[Round "8"]
[Time "17:52:32"]
[PlyCount "100"]
[White "TureshbayevAno"]
[Black "YvonGregoire"]
[WhiteElo "799"]
[BlackElo "1210"]
[Mode "WEB"]
[Result "1-0"]

1. e4 e5 2. Nf3 Nc6 3. Bb5 Bc5 4. Nxe5 Nxe5 5. d4 Bxd4 6. Qxd4 Ng4 7. Qxg7 Qf6
8. Qxg4 Nh6 9. Qe2 Rg8 10. g3 Ng4 11. h3 Ne5 12. Nc3 Qf3 13. Qxf3 Nxf3+ 14. Ke2
Ne5 15. f4 Ng6 16. f5 Ne5 17. Bf4 f6 18. Bxe5 fxe5 19. g4 c6 20. Bc4 Rf8 21.
Rad1 b5 22. Bb3 Rb8 23. Rd6 c5 24. a3 b4 25. axb4 cxb4 26. Nd5 Bb7 27. Rh6 Rh8
28. Nf6+ Ke7 29. Nxh7 Bxe4 30. Rd1 Rbd8 31. Ke3 d5 32. Re6+ Kf7 33. Ng5+ Kf8 34.
Nxe4 Rxh3+ 35. Kf2 Rh2+ 36. Kg3 Re2 37. Ng5 d4 38. Rf6+ Ke8 39. Bf7+ Kd7 40.
Be6+ Kc7 41. Rf7+ Kb6 42. c3 bxc3 43. bxc3 Re3+ 44. Kf2 Rxc3 45. Rb1+ Kc5 46.
Rc7+ Kd6 47. Rxc3 dxc3 48. Rd1+ Ke7 49. f6+ Ke8 50. Bf7+ {YvonGregoire a abandonné} 1-0

[Event "Tournament 14459 - Europe Echecs"]
[Site "Europe Echecs"]
[Date "2020.07.07"]
[Round "8"]
[Time "17:52:32"]
[PlyCount "121"]
[White "SurCortierColi"]
[Black "PleutMael"]
[WhiteElo "1128"]
[BlackElo "1191"]
[Mode "WEB"]
[Result "0-1"]

1. e4 e6 2. d4 d5 3. Nc3 Nf6 4. Bg5 h6 5. Bh4 dxe4 6. Nxe4 g5 7. Nxf6+ Qxf6 8.
Bg3 Bd6 9. Bxd6 cxd6 10. Nf3 Nc6 11. Bb5 d5 12. Ne5 Bd7 13. Nxd7 Kxd7 14. O-O a6
15. Bxc6+ Kxc6 16. Qd3 Rac8 17. Rfe1 h5 18. Qe3 Kd7 19. c3 Rc6 20. Qe5 Qxe5 21.
Rxe5 f6 22. Re2 Rhc8 23. Rf1 Rb6 24. f4 g4 25. f5 Re8 26. fxe6+ Rexe6 27. Rxe6
Kxe6 28. Rf2 f5 29. b4 a5 30. bxa5 Ra6 31. Re2+ Kf7 32. Re5 Rxa5 33. Rxf5+ Kg6
34. Rf2 Ra3 35. Rc2 Kf5 36. Kf2 Ke4 37. Kg3 Kd3 38. Rf2 Kxc3 39. Kh4 Ra4 40.
Kxh5 Rxd4 41. Kg5 Rb4 42. Rf4 Rxf4 43. Kxf4 d4 44. Kxg4 d3 45. h4 d2 46. h5
d1=Q+ 47. Kh3 Qxh5+ 48. Kg3 Kb2 49. Kf4 Kxa2 50. g4 Qg6 51. g5 b5 52. Ke5 Qxg5+
53. Kd4 b4 54. Kd3 b3 55. Kc3 Qc1+ 56. Kd4 b2 57. Ke5 b1=Q 58. Ke6 Qe4+ 59. Kd6
Qd2+ 60. Kc5 Qdb4# {SurCortierColi est échec et mat} 0-1

[Event "Tournament 14459 - Europe Echecs"]
[Site "Europe Echecs"]
[Date "2020.07.07"]
[Round "8"]
[Time "17:52:32"]
[PlyCount "109"]
[White "BelliniMatteo"]
[Black "BoulosPaul"]
[WhiteElo "1098"]
[BlackElo "1705"]
[Mode "WEB"]
[Result "0-1"]

1. e4 e5 2. Nf3 Nc6 3. Bb5 f5 4. exf5 d6 5. c3 Bxf5 6. d3 Nf6 7. Bg5 Be7 8. Nbd2
O-O 9. O-O h6 10. Be3 Ng4 11. h3 Nxe3 12. fxe3 Bg5 13. e4 Be3+ 14. Kh1 Be6 15.
Qe2 Bb6 16. Bc4 Qd7 17. Bxe6+ Qxe6 18. Nc4 Qf6 19. Nxb6 axb6 20. Nd2 Qh4 21.
Rxf8+ Rxf8 22. Rf1 Qg5 23. Rxf8+ Kxf8 24. Nf3 Qf4 25. Qf2 Ke7 26. Kg1 Qf7 27.
Nh4 Qxf2+ 28. Kxf2 Kf6 29. g4 Ne7 30. Kf3 Kg5 31. Kg3 g6 32. Nf3+ Kf6 33. h4 Nc6
34. Nd2 b5 35. b4 Nd8 36. c4 Ne6 37. Nf3 Nf4 38. d4 Ne2+ 39. Kf2 Nxd4 40. Nxd4
exd4 41. cxb5 Ke5 42. Kf3 d5 43. exd5 Kxd5 44. Ke2 Kc4 45. a4 Kxb4 46. Kf3 d3
47. Ke3 Kc3 48. a5 d2 49. Ke2 Kc2 50. a6 bxa6 51. bxa6 d1=Q+ 52. Ke3 Qd3+ 53.
Kf4 Kd2 54. a7 Qe3# {BelliniMatteo est échec et mat} 0-1

[Event "Tournament 14459 - Europe Echecs"]
[Site "Europe Echecs"]
[Date "2020.07.07"]
[Round "8"]
[Time "17:52:32"]
[PlyCount "81"]
[White "ChennitAriles"]
[Black "AboulasseSaad"]
[WhiteElo "1110"]
[BlackElo "1448"]
[Mode "WEB"]
[Result "0-1"]

1. d4 Nf6 2. Nc3 g6 3. e4 d6 4. Nf3 Bg7 5. Bb5+ Bd7 6. Be2 c5 7. Be3 Nc6 8. O-O
b6 9. a3 O-O 10. b4 cxb4 11. axb4 Nxb4 12. Rb1 Nc6 13. Bd2 Rc8 14. Qc1 Bg4 15.
Qd1 Bxf3 16. Bxf3 Nxd4 17. Be3 Nxf3+ 18. Qxf3 Rxc3 19. Bd2 Rxf3 20. gxf3 Qc8 21.
c3 Qh3 22. Rfe1 Qxf3 23. Re3 Qg4+ 24. Rg3 Qxe4 25. Ra1 Nh5 26. Re3 Qg4+ 27. Kf1
Bh6 28. Re2 Qh3+ 29. Ke1 Qxh2 30. Bxh6 Qh1+ 31. Kd2 Qxa1 32. Bxf8 Kxf8 33. Re3
Qb2+ 34. Kd3 Nf4+ 35. Ke4 e5 36. c4 f5+ 37. Kf3 Qd4 38. Kg3 Qxc4 39. Ra3 Ne2+
40. Kf3 Qe4# {ChennitAriles est échec et mat} 0-1

[Event "Tournament 14459 - Europe Echecs"]
[Site "Europe Echecs"]
[Date "2020.07.07"]
[Round "8"]
[Time "17:52:32"]
[PlyCount "107"]
[White "MaisonhauteEle"]
[Black "DaghsenAdem"]
[WhiteElo "1088"]
[BlackElo "1400"]
[Mode "WEB"]
[Result "1/2-1/2"]

1. e4 e5 2. Nf3 Nc6 3. Bc4 Nf6 4. O-O Bd6 5. d3 O-O 6. Bg5 Be7 7. Nc3 d6 8. Nd5
Nxd5 9. Bxe7 Ndxe7 10. Re1 h6 11. h3 Nd4 12. Nxd4 exd4 13. Qf3 Ng6 14. Re2 Ne5
15. Qg3 h5 16. f4 h4 17. Qf2 Ng6 18. f5 Ne5 19. Qxd4 g6 20. Rf1 c5 21. Qc3 gxf5
22. exf5 Qg5 23. d4 cxd4 24. Qxd4 Re8 25. Qxd6 Nf3+ 26. Kh1 Rxe2 27. Bxe2 Nh2
28. Rf2 Qc1+ 29. Kxh2 Qxc2 30. Qd8+ Kg7 31. Qg5+ Kf8 32. Qxh4 Bxf5 33. Qh8+ Ke7
34. Qxa8 Qxb2 35. Qxa7 Qe5+ 36. g3 Qh8 37. Rxf5 Qb2 38. Qe3+ Kf8 39. h4 Qxa2 40.
h5 Qa1 41. h6 Qh8 42. Bc4 Qxh6+ 43. Kg2 Qxe3 44. Rxf7+ Ke8 45. Kh3 Qh6+ 46. Kg2
Qd6 47. g4 Qc6+ 48. Kg3 Qxc4 49. Rf4 Qc3+ 50. Rf3 Qc7+ 51. Rf4 Qc3+ 52. Kh4 Qh8+
53. Kg3 Qc3+ {Nulle par répétition} 1/2-1/2

[Event "Tournament 14459 - Europe Echecs"]
[Site "Europe Echecs"]
[Date "2020.07.07"]
[Round "8"]
[Time "17:52:32"]
[PlyCount "75"]
[White "CleranLorene"]
[Black "GalimovIskanda"]
[WhiteElo "1086"]
[BlackElo "1358"]
[Mode "WEB"]
[Result "0-1"]

1. d4 d5 2. c4 e6 3. Nc3 Nf6 4. Nf3 Bb4 5. Qa4+ Nc6 6. Bg5 Bxc3+ 7. bxc3 O-O 8.
e3 h6 9. Bh4 Bd7 10. Qd1 Re8 11. Bd3 a6 12. Qc2 Kh8 13. O-O Rf8 14. Ne5 dxc4 15.
Bg6 Nxe5 16. dxe5 fxg6 17. Qxg6 Be8 18. Qc2 g5 19. exf6 gxh4 20. f7 Bxf7 21.
Rad1 Qg5 22. h3 Rg8 23. f4 Qc5 24. Rf3 Bh5 25. g4 Bg6 26. Qg2 Be4 27. Rd4 Bxf3
28. Qxf3 Rad8 29. Qe4 Rxd4 30. cxd4 Qd5 31. Qxd5 exd5 32. f5 c3 33. Kf1 c2 34.
f6 c1=Q+ 35. Ke2 Qc2+ 36. Kf3 Rf8 37. Kf4 Qe4# {CleranLorene est échec et mat} 0-1

[Event "Tournament 14459 - Europe Echecs"]
[Site "Europe Echecs"]
[Date "2020.07.07"]
[Round "8"]
[Time "17:52:32"]
[PlyCount "82"]
[White "DavoustNicolas"]
[Black "CortadellasJul"]
[WhiteElo "1300"]
[BlackElo "1114"]
[Mode "WEB"]
[Result "1-0"]

1. e4 e5 2. Nf3 Nc6 3. Bc4 Be7 4. Nc3 Nf6 5. Ng5 O-O 6. Nxf7 Rxf7 7. Bxf7+ Kxf7
8. O-O d6 9. d3 Bg4 10. f3 Bh5 11. Be3 Nd4 12. Bxd4 exd4 13. Ne2 c5 14. Nf4 Bg6
15. Nxg6 hxg6 16. c3 dxc3 17. bxc3 Qa5 18. Qc2 c4 19. d4 Qb6 20. Rab1 Qc7 21. f4
d5 22. exd5 Nxd5 23. Qb2 b6 24. g3 Qc6 25. Qb5 Qxb5 26. Rxb5 Nxc3 27. Rb2 Rd8
28. Rc2 Nb5 29. Rxc4 Rxd4 30. Rxd4 Nxd4 31. Rd1 Nf3+ 32. Kg2 Nxh2 33. Kxh2 g5
34. Rd7 gxf4 35. gxf4 Ke6 36. Rxa7 Bd6 37. Kg3 Kf5 38. Rxg7 Bxf4+ 39. Kf3 b5 40.
Rf7+ Ke6 41. Rxf4 {CortadellasJul a abandonné} 1-0

[Event "Tournament 14459 - Europe Echecs"]
[Site "Europe Echecs"]
[Date "2020.07.07"]
[Round "8"]
[Time "17:52:32"]
[PlyCount "127"]
[White "RoganovaMaxime"]
[Black "StrieviLeonie"]
[WhiteElo "1082"]
[BlackElo "1280"]
[Mode "WEB"]
[Result "0-1"]

1. e4 e5 2. Nf3 Nc6 3. Bc4 Nf6 4. Ng5 d5 5. exd5 Na5 6. Bb5+ c6 7. dxc6 Nxc6 8.
Nc3 Bc5 9. d3 Bf5 10. O-O Ng4 11. Qf3 Qf6 12. Nd5 Qh6 13. Nc7+ Ke7 14. h3 Rac8
15. Nd5+ Kf8 16. Ne6+ Qxe6 17. hxg4 Bxg4 18. Qe4 Nd4 19. c3 Nxb5 20. Re1 f6 21.
Nf4 exf4 22. Qxe6 Bxe6 23. Rxe6 Kf7 24. Re1 Rhe8 25. Bxf4 g5 26. Bg3 Rcd8 27. d4
Bb6 28. a4 Nc7 29. a5 Rxe1+ 30. Rxe1 Bxa5 31. b4 Bb6 32. c4 Bxd4 33. Bxc7 Rd7
34. Bg3 h5 35. Rd1 Bxf2+ 36. Kxf2 Rxd1 37. c5 Rd2+ 38. Kf1 Ke6 39. b5 Rc2 40.
Bf2 Kd5 41. Ke1 Rxc5 42. Bxc5 Kxc5 43. Kd1 Kxb5 44. Kc2 a5 45. Kb2 f5 46. Kc2
Kb4 47. Kb2 f4 48. Kc2 a4 49. Kb2 f3 50. gxf3 h4 51. f4 h3 52. fxg5 h2 53. Kc2
h1=Q 54. Kd3 Qf3+ 55. Kd4 Qg4+ 56. Kd3 Qxg5 57. Kd4 Qc5+ 58. Kd3 Qc3+ 59. Ke4 a3
60. Kd5 a2 61. Ke4 a1=Q 62. Kd5 Qa5+ 63. Ke4 Qae5# {RoganovaMaxime est échec et mat} 0-1

[Event "Tournament 14459 - Europe Echecs"]
[Site "Europe Echecs"]
[Date "2020.07.07"]
[Round "8"]
[Time "17:52:32"]
[PlyCount "64"]
[White "MenceEline"]
[Black "SinivassaneRoj"]
[WhiteElo "1264"]
[BlackElo "1100"]
[Mode "WEB"]
[Result "1-0"]

1. d4 d5 2. Bf4 Nc6 3. Nf3 Bf5 4. e3 Nb4 5. Na3 Qd7 6. c3 Nc6 7. Bb5 O-O-O 8.
Ne5 Qe6 9. Bxc6 bxc6 10. Qa4 Rd6 11. Nxf7 Qxf7 12. Bxd6 cxd6 13. Qxc6+ Kd8 14.
Qa8+ Bc8 15. Qxa7 e5 16. Qxf7 Nh6 17. Qxd5 exd4 18. cxd4 Be7 19. Rc1 Bh4 20.
Qxd6+ Ke8 21. Rxc8+ Kf7 22. Rxh8 Be7 23. Qd5+ Kg6 24. Nc4 Bb4+ 25. Ke2 Nf7 26.
Ne5+ Nxe5 27. Qxe5 h6 28. Rg8 Kf7 29. Rxg7+ Kf8 30. Qf6+ Ke8 31. Qe6+ Kf8 32.
Qf7# {SinivassaneRoj est échec et mat} 1-0

[Event "Tournament 14459 - Europe Echecs"]
[Site "Europe Echecs"]
[Date "2020.07.07"]
[Round "8"]
[Time "17:52:32"]
[PlyCount "114"]
[White "OuadiSammy"]
[Black "CharrierShayan"]
[WhiteElo "1080"]
[BlackElo "1260"]
[Mode "WEB"]
[Result "1-0"]

1. d4 g6 2. e4 Bg7 3. Nc3 d6 4. Nf3 Nf6 5. Bd3 O-O 6. O-O Re8 7. Re1 e5 8. d5 c6
9. Bg5 h6 10. Bh4 Qb6 11. b3 Bg4 12. h3 Bxf3 13. Qxf3 Nbd7 14. Rad1 Qa5 15. Na4
cxd5 16. exd5 Qxd5 17. Qxd5 Nxd5 18. Be4 N7f6 19. Bxd5 Nxd5 20. Rxd5 Rec8 21. c4
Rc6 22. Red1 Bf8 23. Nc3 g5 24. Bg3 f6 25. Ne4 Kf7 26. Nxd6+ Bxd6 27. Rxd6 Rxd6
28. Rxd6 Ke7 29. Rd1 a6 30. f3 b5 31. cxb5 axb5 32. Ra1 Ke6 33. a4 b4 34. a5 Kd5
35. Bf2 Kc6 36. a6 f5 37. Kf1 f4 38. Ke2 Kb5 39. Kd3 Kc6 40. Ke4 Kd6 41. a7 Kc6
42. Kxe5 Kb5 43. Kf5 Kc6 44. Kg6 Kb7 45. Kxh6 g4 46. hxg4 Kc6 47. g5 Kd6 48. g6
Ke6 49. g7 Kf7 50. Kh7 Kf6 51. g8=Q Rxg8 52. Kxg8 Ke5 53. a8=Q Kf6 54. Qe4 Kg5
55. Rh1 Kf6 56. Rh6+ Kg5 57. Qg6# {CharrierShayan est échec et mat} 1-0

[Event "Tournament 14459 - Europe Echecs"]
[Site "Europe Echecs"]
[Date "2020.07.07"]
[Round "8"]
[Time "17:52:32"]
[PlyCount "77"]
[White "LefortPierre"]
[Black "IentileTimeo"]
[WhiteElo "1240"]
[BlackElo "1064"]
[Mode "WEB"]
[Result "0-1"]

1. e4 d5 2. exd5 Qxd5 3. c4 Qd8 4. d4 Nf6 5. Nf3 c5 6. d5 e6 7. d6 Bxd6 8. Bg5
Be7 9. Qxd8+ Bxd8 10. Bxf6 Bxf6 11. Be2 Bxb2 12. Nbd2 Bxa1 13. O-O Bf6 14. Ne4
Nc6 15. Nd6+ Ke7 16. Nxc8+ Raxc8 17. h3 Rcd8 18. Rb1 b6 19. a3 Nd4 20. Nxd4 Bxd4
21. Bf3 Rd7 22. Be2 Rhd8 23. Bf3 Bf6 24. Kh2 e5 25. Bg4 Rd2 26. f3 Rf2 27. Rg1
Rdd2 28. Kh1 g6 29. Bc8 e4 30. fxe4 Bd4 31. Ba6 Rfe2 32. Bb7 Bxg1 33. Kxg1 Rxg2+
34. Kf1 Rh2 35. Kg1 Rhe2 36. Kf1 Ra2 37. Bd5 Reb2 38. e5 Ra1# {LefortPierre est échec et mat} 0-1

[Event "Tournament 14459 - Europe Echecs"]
[Site "Europe Echecs"]
[Date "2020.07.07"]
[Round "8"]
[Time "17:52:32"]
[PlyCount "82"]
[White "TriboutMarius"]
[Black "BatailleSimon"]
[WhiteElo "1037"]
[BlackElo "1230"]
[Mode "WEB"]
[Result "1-0"]

1. e4 c6 2. d4 d5 3. e5 Bf5 4. Nf3 e6 5. Nc3 c5 6. Ne2 cxd4 7. Nexd4 Bc5 8. Nxf5
exf5 9. Bg5 Qa5+ 10. c3 Ne7 11. Be2 O-O 12. O-O Nbc6 13. b4 Bxb4 14. cxb4 Qxb4
15. Bxe7 Qxe7 16. Rc1 Nxe5 17. Nxe5 Qxe5 18. Bf3 Rfe8 19. Bxd5 Rad8 20. Rc5 Re6
21. Bxe6 Rxd1 22. Rxe5 Rxf1+ 23. Kxf1 fxe6 24. Rxe6 Kf7 25. Re1 g5 26. Rb1 b6
27. Rb3 g4 28. Ra3 a5 29. Rb3 h5 30. Rxb6 f4 31. Ra6 f3 32. gxf3 gxf3 33. Rxa5
Kg6 34. Rb5 h4 35. a4 Kf6 36. a5 Ke6 37. a6 Kd7 38. a7 Kc7 39. a8=Q Kd7 40. Qa7+
Kc8 41. Rb8# {BatailleSimon est échec et mat} 1-0